Chimičeskaja pererabotka nefti /
Uložené v:
| Hlavný autor: | |
|---|---|
| Médium: | Kniha |
| Jazyk: | Russian English |
| Vydané: |
Moskva :
Izdatel´stvo inostrannoj literatury,
1961.
|
| Vydanie: | 2. izd. |
| ISBN: |
(viaz.) |
| Fyzický popis: |
293 s. |
| Tagy: |
Pridať tag
Žiadne tagy, Buďte prvý kto otaguje tento záznam!
|
Titul je dostupný aj v ... 

MARC
| LEADER | 00000nam a22000004a 4500 | ||
|---|---|---|---|
| 001 | 000508313 | ||
| 005 | 20160606083009.0 | ||
| 008 | 090310s1961 ru e rus d | ||
| 020 | |a (viaz.) |c Kčs 9,50 | ||
| 040 | |a SVKKK |b slo |c SVKKK |e AACR2 | ||
| 041 | 1 | |a rus |h eng | |
| 044 | |a ru |c RU | ||
| 100 | 1 | |a Goldstein, Richard Frank |4 aut | |
| 245 | 1 | 0 | |a Chimičeskaja pererabotka nefti / |c Viktor Michajovič Vasilenko. |
| 250 | |a 2. izd. | ||
| 260 | |a Moskva : |b Izdatel´stvo inostrannoj literatury, |c 1961. | ||
| 300 | |a 293 s. | ||
| 910 | |a svkkk | ||
| 998 | |a BK | ||
| 090 | |g SCKHL |k Sklad Pribinova 1. posch. |a IV.83612 |j 531879 |i 508313-10 |s Absenčne | ||